Panorama econm̤ico de Mx̌ico (Infografa̕s)

Detalles Bibliográficos
Formato: eBook
Lenguaje:español
Publicado: Mx̌ico : Cm̀ara de Diputados, 2013 -
Materias:
Acceso en línea:Acceso restringido

MARC

LEADER 00000nam a22000007a 4500
005 20180327123557.0
007 cr|||| ||||
008 180327c20139999mx mr|| s||||f0|||b1spa d
035 |a 20996 
040 |a vLex 
090 |c 7564  |d 7564 
245 0 0 |a Panorama econm̤ico de Mx̌ico (Infografa̕s)  |h [Recurso electrn̤ico] 
256 |a Servicio en ln̕ea 
260 |a Mx̌ico :  |b Cm̀ara de Diputados,  |c 2013 - 
300 |a 1 recurso electrn̤ico 
310 |a Mensual 
362 |a Nm︢. 1 (2013) -  
506 0 |a Disponible solo en los productos indicados  |d vLex Global  |d vLex Global (Academic Edition, excluding Law Schools)  |d vLex Global (U.S. Academic Edition, Law Schools)  |d vLex Global (U.S. Academic Edition, excluding Law Schools)  |d vLex Global (Academic Edition, Law Schools) 
650 0 4 |2 Economa̕  |z Mx̌ico 
740 0 |a vLex Revistas (Servicio en ln̕ea) 
856 4 0 |u http://vlex.com/source/panorama-economico-mexico-infografias-20996  |z Acceso restringido 
942 |c REV 
999 0 |a Economics